00210nam a2200085Ia 450000500170000000800410001724500390005826000100009799900170010720250523150954.0250523s9999 xx 000 0 und d 0aRuby Rogers Anlat BanacSue Limb bALTIN c11895d11895